000 00743nam a2200241Ia 4500
003 GCL
008 140319s9999 xx 000 0 ara d
040 _aGCL /
_cGCL
082 0 4 _a810.9
_bو ق
100 1 _aوفاء ابراهيم
245 1 0 _aقراءات جمالية لابداع هؤلاء /
_cوفاء ابراهيم
300 _a149 ص
490 _aالهيئة العامة للاستعلامات
_v0
650 0 4 _aنجيب محفوظ
650 0 4 _aطه حسين
650 0 4 _aالابداع الفنى
650 0 4 _aمحمود تيمور
650 0 4 _aالابداع
650 0 4 _aبهاء طاهر
650 0 4 _aجمال حمدان
650 0 4 _aالابداع الادبى والفنى - مصر
942 _2ddc
_cBK
999 _c47692
_d47692